Un freno para la toxoplasmosis (fotocopia) /

Guardado en:
Autor Principal: Arias Daniel E
Formato: Libro
Publicado: : , 1995
Materias:
Etiquetas: Agregar Etiqueta
Sin Etiquetas, Sea el primero en etiquetar este registro!
LEADER 00446nam a22001695a 4500
001 CEM.cems009032
005 20060214000000.0
008 130507s1995##################000#0#####d
003 CEMS
082 0 4 |a F616 
100 1 |a Arias Daniel E 
245 1 0 |a Un freno para la toxoplasmosis (fotocopia) / 
260 |a : ,  |c 1995 
653 |a Enfermedades 
653 |a Toxoplasmosis 
653 |a Zoonosis 
859 |a CEMS  |b BIB. CEMS - 11 de abril  |h F616  |i 10  |p 1363.44  |t Ej.1